Library of the University of Algiers 3
Ibrahim Sultan Cheibout
شعار جامعة الجزائر 3
مكتبة جامعة الجزائر 3
إبراهيم سلطان شيبوط

المدخل الحديث في اقتصاديات المالية العامة / (رقم التسجيلة. 42077)

تفاصيل مارك
000 -LEADER
fixed length control field 02782nam a2200253Ia 4500
003 - CONTROL NUMBER IDENTIFIER
control field Ost
005 - DATE AND TIME OF LATEST TRANSACTION
control field 20260507075001.0
008 - FIXED-LENGTH DATA ELEMENTS--GENERAL INFORMATION
fixed length control field 260507s9999||||xx |||||||||||||| ||und||
040 ## - CATALOGING SOURCE
Transcribing agency fsecg
041 ## - LANGUAGE CODE
Language code of text/sound track or separate title ara
082 ## - DEWEY DECIMAL CLASSIFICATION NUMBER
Classification number 336
100 ## - MAIN ENTRY--PERSONAL NAME
Personal name الهيتي، نوزاد عبد الرجمن
Relator term مؤلف
245 #0 - TITLE STATEMENT
Title المدخل الحديث في اقتصاديات المالية العامة /
Statement of responsibility, etc. نوزاد عبد الرجمن الهيتي
260 ## - PUBLICATION, DISTRIBUTION, ETC.
Place of publication, distribution, etc. عمان:
Name of publisher, distributor, etc. دار المناجج للنشر,
Date of publication, distribution, etc. 2005
300 ## - PHYSICAL DESCRIPTION
Extent 182 صفحة؛
Other physical details إيضاحات ؛
Dimensions 24 سم
504 ## - BIBLIOGRAPHY, ETC. NOTE
Bibliography, etc. note بيبليوغرافيا: ص.177-182
520 ## - SUMMARY, ETC.
Summary, etc. تعد المالية العامة (اقتصاديات المالية العامة) أحد العلوم الاجتماعية الحديثة نسبياً، فضلاً عن كونه أحد فروع علم الاقتصاد العام والاقتصاد التطبيقي الذي أخذ يتطور من حيث الأدوات الفنية وأساليب المعالجة للمسائل الخاصة بمالية الحكومة، واتسع نطاقه خلال النصف الثاني من القرن العشرين خاصة عند اتساع نطاق مسؤولية الدولة اجتماعياً وانتقاءياً. وقد أدى هذا التطور إلى تطوير فلسفة المالية العامة من مجرد كونه الموضوع التقليدي للموازنة بين الإيرادات العامة والنفقات العامة، إلى كون هذا العلم هو انعكاس للتحولات الاقتصادية والاجتماعية والسياسية التي أتسم بها العصر الحديث. ويبحث علم المالية العامة أو ما يسمى بالاقتصاد المالي في تحقيق الموائمة بين مستوى الإيرادات العامة ومستوى النفقات العامة بما يسهم في حل المشكلة الاقتصادية، والإسراع في تنفيذ المشاريع الإنمائية. وهكذا تعد المالية العامة أحد الأدوات المهمة التي تستخدمها الدولة في النشاط الاقتصادي، فضلاً عن كونها من أهم أدوات التخطيط الاقتصادي بصفة عامة والتخطيط المالي بصفة خاصة. ولما كان الاقتصاد المالي يهتم بدراسة أثر المتغيرات المالية على إجمالي النشاط الاقتصادي في المجتمع.
653 ## - INDEX TERM--UNCONTROLLED
Uncontrolled term الاقتصاد
653 ## - INDEX TERM--UNCONTROLLED
Uncontrolled term المالية العامة
653 ## - INDEX TERM--UNCONTROLLED
Uncontrolled term الموازنة العامة
653 ## - INDEX TERM--UNCONTROLLED
Uncontrolled term النفقات العامة
700 ## - ADDED ENTRY--PERSONAL NAME
Personal name الخشالي، منجد عبد اللطيف
Relator term مؤلف ثانوي
942 ## - ADDED ENTRY ELEMENTS (KOHA)
Koha item type كتب
المقتنيات
Withdrawn status Lost status Source of classification or shelving scheme Damaged status Not for loan Home library Current library Date acquired Serial enumeration / chronology Inventory number Total checkouts Full call number Barcode Date last seen Price effective from Koha item type
    Dewey Decimal Classification   NOT LOAN / إعارة داخلية مكتبة كلية العلوم الإقتصادية والعلوم التجارية وعلوم التسيير مكتبة كلية العلوم الإقتصادية والعلوم التجارية وعلوم التسيير 07/05/2026 الطابق الأرضي 2145/1   أ/2145ن1 2145/1 07/05/2026 07/05/2026 كتب
    Dewey Decimal Classification   Available مكتبة كلية العلوم الإقتصادية والعلوم التجارية وعلوم التسيير مكتبة كلية العلوم الإقتصادية والعلوم التجارية وعلوم التسيير 07/05/2026 الطابق الأرضي 2145/2   أ/2145ن2 2145/2 07/05/2026 07/05/2026 كتب
    Dewey Decimal Classification   Available مكتبة كلية العلوم الإقتصادية والعلوم التجارية وعلوم التسيير مكتبة كلية العلوم الإقتصادية والعلوم التجارية وعلوم التسيير 07/05/2026 الطابق الثاني 2145/3   أ/2145ن3 2145/3 07/05/2026 07/05/2026 كتب
    Dewey Decimal Classification   Available مكتبة كلية العلوم الإقتصادية والعلوم التجارية وعلوم التسيير مكتبة كلية العلوم الإقتصادية والعلوم التجارية وعلوم التسيير 07/05/2026 الطابق الثاني 2145/4   أ/2145ن4 2145/4 07/05/2026 07/05/2026 كتب

موارد الويب المفتوحة


© University of Algiers 3 All Rights Reserved
|
Implemented by LECHELAH Riad